| 000 | 00327nab a2200121 4500 | ||
|---|---|---|---|
| 999 |
_c504424 _d504424 |
||
| 008 | 180827b ||||| |||| 00| 0 eng d | ||
| 100 |
_aDas, Biren _9460 |
||
| 245 | _aGlobal university rankings and Indian higher education | ||
| 300 | _ap.3-9. | ||
| 650 |
_aEducation _9461 |
||
| 773 |
_0117600 _aKurukshetra |
||
| 942 |
_2ddc _cAR |
||